Zásady rozdelenia výsledku hospodárenia
Poradie a spôsob rozdelenia zisku, resp. vysporiadanie straty. Všeobecné ustanovenia Smernice.
Na minha lista:
| Autor principal: | |
|---|---|
| Formato: | Capítulo de Livro |
| Idioma: | eslovaco |
| Assuntos: | |
| Tags: |
Sem tags, seja o primeiro a adicionar uma tag!
|
MARC
| LEADER | 00000nla$a2200000$$$4500 | ||
|---|---|---|---|
| 001 | 0068021 | ||
| 005 | 20240502071822.5 | ||
| 041 | 0 | |a slo | |
| 044 | |a SK | ||
| 245 | 1 | 0 | |a Zásady rozdelenia výsledku hospodárenia |c Jitka Meluchová |
| 520 | |a Poradie a spôsob rozdelenia zisku, resp. vysporiadanie straty. Všeobecné ustanovenia Smernice. | ||
| 610 | 2 | 0 | |a podnikatelia |
| 610 | 2 | 0 | |a Slovensko |
| 610 | 2 | 0 | |a smernice |
| 610 | 2 | 0 | |a účtovníctvo podvojné |
| 610 | 2 | 0 | |a výsledok hospodársky |
| 610 | 2 | 0 | |a postupy účtovné |
| 610 | 2 | 0 | |a rozdeľovanie zisku |
| 100 | 1 | |a Meluchová, Jitka, 1965- | |